| Tag |
First Indicator |
Second Indicator |
Subfields |
| LEADER |
00000cam a2200000Ii 4500 |
| 001 |
in00000005193 |
| 005 |
20190122114926.0 |
| 007 |
he bmb024bbca |
| 008 |
990701s1999 dcuabf bb f000 0 eng d |
| 035 |
|
|
|a (OCoLC)ocm41638713
|
| 035 |
|
|
|a (OCoLC)41638713
|
| 040 |
|
|
|a GPO
|b eng
|e rda
|c GPO
|d OCLCQ
|d OCLCF
|d OCLCQ
|d OCLCO
|d OCLCQ
|d TXA
|d UtOrBLW
|
| 043 |
|
|
|a n-us-ar
|
| 049 |
|
|
|a TXAM
|
| 050 |
|
4 |
|a GB1399.2
|
| 074 |
|
|
|a 0594-C-04 (MF)
|
| 086 |
0 |
|
|a FEM 1.209/4:050112
|
| 245 |
0 |
0 |
|a Flood insurance study.
|p City of Clarksville, Arkansas, Johnson County.
|
| 246 |
3 |
0 |
|a City of Clarksville, Arkansas, Johnson County
|
| 250 |
|
|
|a Revised May 18, 1999.
|
| 264 |
|
1 |
|a [Washington, D.C.] :
|b Federal Emergency Management Agency,
|c [1999]
|
| 300 |
|
|
|a ii, 20 pages, 11 folded leaves of plates :
|b illustrations, 1 map
|
| 336 |
|
|
|a text
|b txt
|2 rdacontent
|
| 337 |
|
|
|a microform
|b h
|2 rdamedia
|
| 338 |
|
|
|a microfiche
|b he
|2 rdacarrier
|
| 500 |
|
|
|a Title from cover.
|
| 500 |
|
|
|a Location map on cover.
|
| 500 |
|
|
|a "Community number - 050112."
|
| 500 |
|
|
|a Shipping list number: 99-0601-M.
|
| 504 |
|
|
|a Includes bibliographical references (page 18).
|
| 533 |
|
|
|a Microfiche.
|b [Washington, D.C.] :
|c United States Government Printing Office,
|d [1999].
|e 12 microfiche : negative.
|
| 650 |
|
0 |
|a Flood forecasting
|z Arkansas
|z Johnson County.
|
| 650 |
|
0 |
|a Flood forecasting
|z Arkansas
|z Clarksville.
|
| 650 |
|
0 |
|a Flood insurance
|z Arkansas
|z Johnson County.
|
| 650 |
|
0 |
|a Flood insurance
|z Arkansas
|z Clarksville.
|
| 650 |
|
7 |
|a Flood insurance.
|2 fast
|0 (OCoLC)fst01715819
|
| 651 |
|
0 |
|a Johnson County (Ark.)
|0 http://id.loc.gov/authorities/names/n81003519
|
| 651 |
|
0 |
|a Clarksville (Ark.)
|0 http://id.loc.gov/authorities/names/n81109234
|
| 651 |
|
7 |
|a Arkansas
|z Johnson County.
|2 fast
|0 (OCoLC)fst01211406
|
| 655 |
|
7 |
|a Technical reports.
|2 lcgft
|0 http://id.loc.gov/authorities/genreForms/gf2015026093
|
| 710 |
1 |
|
|a United States.
|b Federal Emergency Management Agency,
|e issuing body.
|0 http://id.loc.gov/authorities/names/n78090715
|
| 776 |
0 |
8 |
|i Print version:
|t Flood insurance study. City of Clarksville, Arkansas, Johnson County
|
| 856 |
4 |
1 |
|z Available online at HathiTrust:
|u http://hdl.handle.net/2027/txa.ark:/81423/m3kr2b
|t 0
|
| 949 |
|
|
|a updated
|b h
|c 2018/11/29
|e spoltoratski
|f 11:32:45 am
|
| 994 |
|
|
|a C0
|b TXA
|
| 999 |
f |
f |
|s f70de87f-90f3-3f13-92f5-3edf27a4b8ed
|i cb7381af-436a-3b32-8486-4eba46fae7b1
|t 0
|
| 952 |
f |
f |
|a Texas A&M University
|b College Station
|c Electronic Resources
|d Available Online
|t 0
|e FEM 1.209/4:050112
|g Electronic
|h Superintendent of Documents classification
|
| 998 |
f |
f |
|a FEM 1.209/4:050112
|t 0
|l Available Online
|